Miasta w Polsce zawierające literę "Ź" - Statystyki

Ogólne statystyki
  • Ten quiz został rozwiązany 22 razy
  • Średni wynik to 6 z 9
Statystyki odpowiedzi
Ludność Województwo Odpowiedź % Poprawnych
60021 opolskie Kędzierzyn-Koźle
95%
672185 - Łódź
86%
31039 śląskie Czeladź
68%
6437 wielkopolskie Koźmin WIelkopolski
59%
1938 wielkopolskie Koźminek
55%
13400 kujawsko-pomorskie Wąbrzeźno
55%
11124 wielkopolskie Rogoźno
50%
4298 śląskie Woźniki
50%
5230 śląskie Kuźnia Raciborska
45%
Nie znaleziono quizów pasujących do podanych kryteriów
Rozkład punktacji
Procent ludzi z każdym wynikiem
Percentyl według liczby udzielonych odpowiedzi
Twoja historia wyników
Nie rozwiązałeś tego quizu